| 000 | 00378nam a2200133Ia 4500 | ||
|---|---|---|---|
| 008 | 230312s9999||||xx |||||||||||||| ||und|| | ||
| 082 |
_a891.4 _bSHA-R |
||
| 100 | _aخواجہ شمس الد ین عظیمی | ||
| 245 | 0 | _aمحمد رسول اللہ صلی اللہ علیہ وسلم | |
| 260 |
_bالکتاب _apak _c2005 |
||
| 300 | _a180 | ||
| 650 | _aLiterature | ||
| 942 | _cBK | ||
| 999 |
_c14571 _d14571 |
||